000 00766nam a2200181Ia 4500
008 210719s2018 xx 000 0 und d
041 _akan
082 _a294.535K HARS
100 _aHARSHENDRA KUMAR (Di);PADEKALLU VISHNU BHATTA
245 _aSuvarna sanchaya 5: Samskruti Samshodana
260 _aUjire
_bGolden Jubilee Celebrartion Committee, Dharmastala
_c2018
300 _a264
_bPB
365 _b150
_cRs
440 _aShri D Veerendra Heggadeyavara pattabisheka suvarna mahotsava pustaka malike
_v5
650 _aHinduism
650 _aHinduism
906 _a5: ; granthalaya ; Heggadeyavara ; library ; mahotsava ; malike ; pattabisheka ; pratistana ; pustaka ; Samshodana ; samshodhana ; Samskruti ; sanchaya ; sreemanjunatheshwara ; Suvarna ; Veerendra
999 _c216039
_d216039